000 01023cam a2200301Ia 4500
001 50371
005 20230411090002.0
008 030617p2001 ck a b 000 0 spa d
035 _a(OCoLC)ocm52450523
040 _aLPU
_cLPU
020 _a9583002763 (pbk.)
020 _a9789583002762 (pbk.)
035 _a(OCoLC)52450523
041 1 _aspa
_hfre
092 0 _a320.11
_221
049 _aGRAL
100 1 _aRousseau, Jean-Jacques,
_d1712-1778.
245 1 3 _aEl Contrato social, o, Principios de derecho político /
_cJ.J. Rousseau ; [traducción, Andebeng-Abeu Alingue].
260 _aSantafé de Bogotá :
_bPanamericana Editorial,
_c2001.
300 _axxiii, 228 p. :
_bill. ;
_c21 cm.
500 _aTraducido de: Du contrat social.
500 _a"Septima reimpresión, abril de 2006."
504 _aIncludes bibliographical references (p. [227]-228).
650 0 _aPolitical science
_vEarly works to 1800.
650 0 _aSocial contract
_vEarly works to 1800.
942 _2lcc
_cbk
994 _aC0
_bDRFGD
999 _c110431
_d110431